• 首页
  • 本馆介绍
  • 公告通知
  • 最新文献
  • 馆藏检索
  • 电子资源
  • 读者导购
  • 参考咨询
  • 我的图书馆
  • 登录
  • 详细信息显示
  • 放入我的书架
  • 预约/预借图书
  • 作者相关作品
  • 分类相关作品
  • 丛书相关作品
  • 出版社相关作品

书目信息

  • 表格格式
  • 工作单格式
  • 卡片格式
题名:
多元视角下的中国经典舞剧研究
    
 
作者: 白雪峰 著
分册:  
出版信息: 北京   九州出版社  2018
页数: 93页
开本: 24cm
丛书名:
单 册:
中图分类: J723
科图分类:
主题词: 舞剧--wu ju--研究--中国
电子资源:
ISBN: 978-7-5108-7408-6
000 00926nam0 2200253 450
001 012001008023
005 20131021174210.0
010    @a978-7-5108-7408-6@dCNY38.00
099    @aCAL 012018131215
100    @a20180925d2018 em y0chiy50 ea
101 0  @achi
102    @aCN@b110000
105    @ay a 000yy
106    @ar
200 1  @a多元视角下的中国经典舞剧研究@Aduo yuan shi jiao xia de zhong guo jing dian wu ju yan jiu@f白雪峰著
210    @a北京@c九州出版社@d2018
215    @a93页@d24cm
320    @a有书目 (第92-93页)
330    @a本书主要以中国经典舞剧为核心, 从叙事性、文学改编、创作、教学等多个角度对中国经典舞剧进行详细阐述。另外, 在论述的过程中, 始终坚持理论与实践的原则, 将中国经典舞剧融入具体的作品实践中, 提高了本书的学术价值。
606 0  @a舞剧@Awu ju@x研究@y中国
690    @aJ723@v5
701  0 @a白雪峰@Abai xue feng@4著
801  0 @aCN@b上海新华@c20191020
905    @b1177754-7@dJ723@e234@f4
    
    多元视角下的中国经典舞剧研究/白雪峰著.-北京:九州出版社,2018
    93页;24cm
    
    
    ISBN 978-7-5108-7408-6:CNY38.00
    本书主要以中国经典舞剧为核心, 从叙事性、文学改编、创作、教学等多个角度对中国经典舞剧进行详细阐述。另外, 在论述的过程中, 始终坚持理论与实践的原则, 将中国经典舞剧融入具体的作品实践中, 提高了本书的学术价值。
●
相关链接 在E读中查询图书 在五车中查询图书 在当当中查询图书 在豆瓣中查询图书


正题名:多元视角下的中国经典舞剧研究     索取号:J723/234         预约/预借

序号 登录号 条形码 馆藏地/架位号 状态 备注
1 1177754   211777549   第一样本阅览室/ [索取号:J723/234] 在馆    
2 1177755   211777558   第一借阅区/ [索取号:J723/234] 在馆    
3 1177756   211777567   第一借阅区/ [索取号:J723/234] 在馆    
4 1177757   211777576   第一借阅区/ [索取号:J723/234] 在馆    
唐山师范学院图书馆 欢迎您!
大连网信软件有限公司© 版权所有